On-site revolution (Record no. 73550)

MARC details
000 -LEADER
fixed length control field 01531cam a2200289 4500
001 - CONTROL NUMBER
control field ABS67037
008 - FIXED-LENGTH DATA ELEMENTS--GENERAL INFORMATION
fixed length control field 031003n2003 000 0 eng u
035 ## - SYSTEM CONTROL NUMBER
System control number (Sirsi) u123833
100 ## - MAIN ENTRY--PERSONAL NAME
Personal name Charles, G.
245 ## - TITLE STATEMENT
Title On-site revolution
260 ## - PUBLICATION, DISTRIBUTION, ETC.
Date of publication, distribution, etc. 2003
490 ## - SERIES STATEMENT
Series statement Inside Housing
Volume/sequential designation 20(36) 12 September 2003, 33-34(2)
520 ## - SUMMARY, ETC.
Summary, etc. Examines how building social housing is being revolutionised by new construction methods and innovative manufacturing methods, which will facilitate the step-change in housing supply demanded by the government. Looks at modular volumetric construction, new on-site construction processes and off-site manufacturing, pioneering of timber frames in prefabrication and new design software packages. Notes the return of concrete homes created by the tunnel form method following the Netherlands model, where around 25% of new homes are produced this way. Concludes that, although modern construction methods are known to be as much as 20% more expensive than traditional brick and block, costs will come down with the increase of standardisation.
590 ## - LOCAL NOTE (RLIN)
Local note ABS
650 ## - SUBJECT ADDED ENTRY--TOPICAL TERM
Topical term or geographic name entry element SOCIAL HOUSING
650 ## - SUBJECT ADDED ENTRY--TOPICAL TERM
Topical term or geographic name entry element TIMBER FRAME CONSTRUCTION
650 ## - SUBJECT ADDED ENTRY--TOPICAL TERM
Topical term or geographic name entry element PREFABRICATED HOUSING
650 ## - SUBJECT ADDED ENTRY--TOPICAL TERM
Topical term or geographic name entry element DESIGN METHODS
650 ## - SUBJECT ADDED ENTRY--TOPICAL TERM
Topical term or geographic name entry element STEEL FRAME CONSTRUCTION
650 ## - SUBJECT ADDED ENTRY--TOPICAL TERM
Topical term or geographic name entry element MODULAR BUILDING
650 ## - SUBJECT ADDED ENTRY--TOPICAL TERM
Topical term or geographic name entry element CONSTRUCTION METHODS
650 ## - SUBJECT ADDED ENTRY--TOPICAL TERM
Topical term or geographic name entry element OFF-SITE CONSTRUCTION
650 ## - SUBJECT ADDED ENTRY--TOPICAL TERM
Topical term or geographic name entry element MODULAR CONSTRUCTION
650 ## - SUBJECT ADDED ENTRY--TOPICAL TERM
Topical term or geographic name entry element VOLUMETRIC CONSTRUCTION
690 ## - LOCAL SUBJECT ADDED ENTRY--TOPICAL TERM (OCLC, RLIN)
Topical term or geographic name as entry element BUILT ENVIRONMENT-CONSTRUCTION DESIGN
942 ## - ADDED ENTRY ELEMENTS (KOHA)
Suppress in OPAC 0
Holdings
Withdrawn status Lost status Source of classification or shelving scheme Damaged status Not for loan Home library Current library Shelving location Date acquired Total Checkouts Full call number Barcode Date last seen Copy number Price effective from Koha item type
    Dewey Decimal Classification     London London Journal article 03/10/2003   ABS67037 123833-1001 06/08/2019 1 06/08/2019 Journal article